[Event "Finale kupa Republike Hrvatske 2024."]
[Site "Mali Losinj, Croatia"]
[Date "2024.05.08"]
[Round "1.5"]
[White "Jurkovic, Ante"]
[Black "Saric, Ivan"]
[Result "0-1"]
[TimeControl "(90 min/40 move + 30 min) + 30 sec/move"]
[WhiteFideId "14500604"]
[BlackFideId "14508150"]
[WhiteElo "2257"]
[BlackElo "2695"]

1. e4 {[%clk 01:30:56]} {[%emt 00:00:03]} c5 {[%clk 01:29:13]} {[%emt
00:01:48]} 2. Nf3 {[%clk 01:31:01]} {[%emt 00:00:24]} Nc6 {[%clk 01:29:23]}
{[%emt 00:00:21]} 3. Bb5 {[%clk 01:29:34]} {[%emt 00:01:57]} e6 {[%clk
01:29:18]} {[%emt 00:00:36]} 4. O-O {[%clk 01:29:41]} {[%emt 00:00:21]} Nge7
{[%clk 01:29:42]} {[%emt 00:00:07]} 5. Re1 {[%clk 01:29:34]} {[%emt 00:00:37]}
a6 {[%clk 01:29:59]} {[%emt 00:00:14]} 6. Bf1 {[%clk 01:29:36]} {[%emt
00:00:27]} b6 {[%clk 01:29:48]} {[%emt 00:00:41]} 7. c3 {[%clk 01:27:27]}
{[%emt 00:02:38]} d5 {[%clk 01:28:12]} {[%emt 00:02:07]} 8. exd5 {[%clk
01:27:36]} {[%emt 00:00:21]} Nxd5 {[%clk 01:27:46]} {[%emt 00:00:57]} 9. d4
{[%clk 01:27:44]} {[%emt 00:00:21]} cxd4 {[%clk 01:25:52]} {[%emt 00:02:24]} 10.
Nxd4 {[%clk 01:27:39]} {[%emt 00:00:31]} Nxd4 {[%clk 01:19:30]} {[%emt
00:06:56]} 11. Qxd4 {[%clk 01:27:52]} {[%emt 00:00:16]} Bb7 {[%clk 01:19:35]}
{[%emt 00:00:27]} 12. Nd2 {[%clk 01:27:15]} {[%emt 00:01:06]} Qc7 {[%clk
01:15:11]} {[%emt 00:04:54]} 13. Nf3 {[%clk 01:19:32]} {[%emt 00:08:12]} O-O-O
{[%clk 01:12:32]} {[%emt 00:03:09]} 14. Qc4 {[%clk 01:16:58]} {[%emt 00:03:04]}
Bd6 {[%clk 01:04:31]} {[%emt 00:08:32]} 15. Qxc7+ {[%clk 01:16:23]} {[%emt
00:01:05]} Bxc7 {[%clk 01:03:12]} {[%emt 00:01:49]} 16. Nd4 {[%clk 01:09:13]}
{[%emt 00:07:39]} e5 {[%clk 00:58:15]} {[%emt 00:05:28]} 17. Nc2 {[%clk
01:00:32]} {[%emt 00:09:10]} f5 {[%clk 00:50:29]} {[%emt 00:08:17]} 18. g3
{[%clk 00:58:39]} {[%emt 00:02:22]} Rhf8 {[%clk 00:47:16]} {[%emt 00:03:43]} 19.
Bg2 {[%clk 00:58:24]} {[%emt 00:00:44]} h6 {[%clk 00:45:27]} {[%emt 00:02:21]}
20. c4 {[%clk 00:55:37]} {[%emt 00:03:16]} Nf6 {[%clk 00:43:06]} {[%emt
00:02:52]} 21. b3 {[%clk 00:53:46]} {[%emt 00:02:20]} Rf7 {[%clk 00:39:13]}
{[%emt 00:04:24]} 22. Ne3 {[%clk 00:47:46]} {[%emt 00:06:29]} Bxg2 {[%clk
00:34:40]} {[%emt 00:05:04]} 23. Kxg2 {[%clk 00:47:08]} {[%emt 00:01:08]} f4
{[%clk 00:34:47]} {[%emt 00:00:23]} 24. Nf1 {[%clk 00:46:40]} {[%emt 00:00:56]}
Rd3 {[%clk 00:32:52]} {[%emt 00:02:26]} 25. Rb1 {[%clk 00:39:43]} {[%emt
00:07:27]} g5 {[%clk 00:32:06]} {[%emt 00:01:16]} 26. Rb2 {[%clk 00:38:41]}
{[%emt 00:01:32]} Nd7 {[%clk 00:23:53]} {[%emt 00:08:43]} 27. Nd2 {[%clk
00:36:53]} {[%emt 00:02:17]} Nc5 {[%clk 00:23:55]} {[%emt 00:00:30]} 28. Rc2
{[%clk 00:34:53]} {[%emt 00:02:30]} Rfd7 {[%clk 00:23:20]} {[%emt 00:01:05]} 29.
Ne4 {[%clk 00:32:34]} {[%emt 00:02:48]} f3+ {[%clk 00:20:57]} {[%emt 00:02:53]}
30. Kh3 {[%clk 00:32:04]} {[%emt 00:00:59]} R3d4 {[%clk 00:19:17]} {[%emt
00:02:11]} 31. Nxc5 {[%clk 00:29:55]} {[%emt 00:02:40]} bxc5 {[%clk 00:19:42]}
{[%emt 00:00:05]} 32. Be3 {[%clk 00:20:05]} {[%emt 00:10:19]} Re4 {[%clk
00:20:04]} {[%emt 00:00:08]} 33. Rcc1 {[%clk 00:14:51]} {[%emt 00:05:45]} Bd8
{[%clk 00:17:48]} {[%emt 00:02:44]} 34. g4 {[%clk 00:15:07]} {[%emt 00:00:14]}
h5 {[%clk 00:18:12]} {[%emt 00:00:07]} 35. Kg3 {[%clk 00:09:52]} {[%emt
00:05:45]} hxg4 {[%clk 00:16:32]} {[%emt 00:02:09]} 36. Bxc5 {[%clk 00:08:26]}
{[%emt 00:01:57]} Rf4 {[%clk 00:16:55]} {[%emt 00:00:05]} 37. Rh1 {[%clk
00:02:02]} {[%emt 00:06:55]} Rh7 {[%clk 00:16:35]} {[%emt 00:00:51]} 38. h3
{[%clk 00:01:59]} {[%emt 00:00:33]} Bc7 {[%clk 00:09:46]} {[%emt 00:07:19]} 39.
Be3 {[%clk 00:01:25]} {[%emt 00:01:04]} Rh4 {[%clk 00:10:03]} {[%emt 00:00:13]}
40. Kh2 {[%clk 00:30:47]} {[%emt 00:01:08]} e4 {[%clk 00:37:58]} {[%emt
00:02:35]} 41. Kg1 {[%clk 00:31:08]} {[%emt 00:00:08]} gxh3 {[%clk 00:37:14]}
{[%emt 00:01:14]} 42. Bxf4 {[%clk 00:16:58]} {[%emt 00:14:41]} Bxf4 {[%clk
00:37:22]} {[%emt 00:00:22]} 43. Rd1 {[%clk 00:16:48]} {[%emt 00:00:40]} h2+
{[%clk 00:33:37]} {[%emt 00:04:15]} 44. Kf1 {[%clk 00:17:16]} {[%emt 00:00:02]}
Rh7 {[%clk 00:33:43]} {[%emt 00:00:24]} 45. Rd4 {[%clk 00:17:13]} {[%emt
00:00:32]} Re7 {[%clk 00:33:26]} {[%emt 00:00:47]} 46. b4 {[%clk 00:17:00]}
{[%emt 00:00:44]} g4 {[%clk 00:33:17]} {[%emt 00:00:39]} 47. Rd5 {[%clk
00:16:02]} {[%emt 00:01:28]} e3 {[%clk 00:32:51]} {[%emt 00:00:56]} 48. fxe3
{[%clk 00:16:16]} {[%emt 00:00:15]} g3 {[%clk 00:33:06]} {[%emt 00:00:15]} 0-1

[Event "Finale kupa Republike Hrvatske 2024."]
[Site "Mali Losinj, Croatia"]
[Date "2024.05.08"]
[Round "1.6"]
[White "Saric, Ante"]
[Black "Pandurevic, Miro"]
[Result "0-1"]
[TimeControl "(90 min/40 move + 30 min) + 30 sec/move"]
[WhiteFideId "14506254"]
[BlackFideId "14501511"]
[WhiteElo "2514"]
[BlackElo "2154"]

1. d4 {[%clk 01:30:55]} {[%emt 00:00:04]} Nf6 {[%clk 01:30:49]} {[%emt
00:00:11]} 2. Nf3 {[%clk 01:31:19]} {[%emt 00:00:07]} e6 {[%clk 01:30:59]}
{[%emt 00:00:18]} 3. c4 {[%clk 01:31:40]} {[%emt 00:00:10]} d5 {[%clk
01:31:23]} {[%emt 00:00:06]} 4. g3 {[%clk 01:30:34]} {[%emt 00:01:37]} Bb4+
{[%clk 01:29:03]} {[%emt 00:02:48]} 5. Bd2 {[%clk 01:30:55]} {[%emt 00:00:10]}
Be7 {[%clk 01:29:13]} {[%emt 00:00:20]} 6. Bg2 {[%clk 01:31:20]} {[%emt
00:00:06]} O-O {[%clk 01:29:37]} {[%emt 00:00:05]} 7. O-O {[%clk 01:31:46]}
{[%emt 00:00:05]} dxc4 {[%clk 01:29:49]} {[%emt 00:00:17]} 8. Qa4 {[%clk
01:32:03]} {[%emt 00:00:12]} a6 {[%clk 01:29:51]} {[%emt 00:00:29]} 9. Qxc4
{[%clk 01:32:28]} {[%emt 00:00:06]} b5 {[%clk 01:30:06]} {[%emt 00:00:14]} 10.
Qc2 {[%clk 01:31:24]} {[%emt 00:01:34]} Bb7 {[%clk 01:30:28]} {[%emt 00:00:07]}
11. Rc1 {[%clk 01:27:26]} {[%emt 00:04:28]} Bd6 {[%clk 01:16:56]} {[%emt
00:14:02]} 12. Bg5 {[%clk 01:08:31]} {[%emt 00:19:25]} Nbd7 {[%clk 01:12:03]}
{[%emt 00:05:24]} 13. Nbd2 {[%clk 01:07:37]} {[%emt 00:01:24]} Rc8 {[%clk
00:57:28]} {[%emt 00:15:04]} 14. Bxf6 {[%clk 01:04:57]} {[%emt 00:03:11]} Nxf6
{[%clk 00:49:31]} {[%emt 00:08:26]} 15. Nb3 {[%clk 00:54:53]} {[%emt 00:10:33]}
Be4 {[%clk 00:45:44]} {[%emt 00:04:17]} 16. Qd2 {[%clk 00:53:59]} {[%emt
00:01:24]} Bd5 {[%clk 00:45:09]} {[%emt 00:01:06]} 17. Qa5 {[%clk 00:48:51]}
{[%emt 00:05:37]} c6 {[%clk 00:34:26]} {[%emt 00:11:14]} 18. Nfd2 {[%clk
00:42:59]} {[%emt 00:06:22]} Bc7 {[%clk 00:20:23]} {[%emt 00:14:33]} 19. Qc3
{[%clk 00:42:12]} {[%emt 00:01:17]} Bxg2 {[%clk 00:20:29]} {[%emt 00:00:24]} 20.
Kxg2 {[%clk 00:42:36]} {[%emt 00:00:06]} Bb6 {[%clk 00:20:55]} {[%emt
00:00:04]} 21. a4 {[%clk 00:32:46]} {[%emt 00:10:20]} a5 {[%clk 00:18:02]}
{[%emt 00:03:23]} 22. Nf3 {[%clk 00:29:12]} {[%emt 00:04:04]} Ne4 {[%clk
00:15:12]} {[%emt 00:03:20]} 23. Qc2 {[%clk 00:24:07]} {[%emt 00:05:34]} f5
{[%clk 00:15:08]} {[%emt 00:00:35]} 24. Nc5 {[%clk 00:13:09]} {[%emt 00:11:28]}
Qd5 {[%clk 00:14:01]} {[%emt 00:01:37]} 25. Nd3 {[%clk 00:12:54]} {[%emt
00:00:44]} g5 {[%clk 00:13:09]} {[%emt 00:01:23]} 26. axb5 {[%clk 00:12:59]}
{[%emt 00:00:25]} cxb5 {[%clk 00:11:04]} {[%emt 00:02:36]} 27. Qxc8 {[%clk
00:06:44]} {[%emt 00:06:45]} Rxc8 {[%clk 00:11:32]} {[%emt 00:00:01]} 28. Rxc8+
{[%clk 00:07:08]} {[%emt 00:00:06]} Kg7 {[%clk 00:11:57]} {[%emt 00:00:05]} 29.
Rac1 {[%clk 00:07:14]} {[%emt 00:00:24]} Nd6 {[%clk 00:05:45]} {[%emt
00:06:41]} 30. Rb8 {[%clk 00:06:48]} {[%emt 00:00:55]} Bxd4 {[%clk 00:04:50]}
{[%emt 00:01:27]} 31. Rc7+ {[%clk 00:06:55]} {[%emt 00:00:22]} Kh6 {[%clk
00:05:04]} {[%emt 00:00:15]} 32. Rd7 {[%clk 00:05:25]} {[%emt 00:02:01]} g4
{[%clk 00:04:52]} {[%emt 00:00:42]} 33. Rbd8 {[%clk 00:05:20]} {[%emt
00:00:36]} gxf3+ {[%clk 00:04:48]} {[%emt 00:00:33]} 34. exf3 {[%clk 00:05:49]}
{[%emt 00:00:01]} Bb6 {[%clk 00:04:17]} {[%emt 00:01:02]} 35. Rh8 {[%clk
00:00:55]} {[%emt 00:05:23]} Qxd3 {[%clk 00:04:00]} {[%emt 00:00:47]} 36.
Rhxh7+ {[%clk 00:00:40]} {[%emt 00:00:46]} Kg6 {[%clk 00:04:27]} {[%emt
00:00:01]} 37. h4 {[%clk 00:00:49]} {[%emt 00:00:22]} Qd2 {[%clk 00:04:07]}
{[%emt 00:00:50]} 38. Kh3 {[%clk 00:00:44]} {[%emt 00:00:35]} Qxf2 {[%clk
00:04:10]} {[%emt 00:00:27]} 39. h5+ {[%clk 00:01:04]} {[%emt 00:00:11]} Kf6
{[%clk 00:04:29]} {[%emt 00:00:10]} 40. Rh6+ {[%clk 00:31:00]} {[%emt
00:00:35]} Ke5 {[%emt 00:07:48]} 0-1

[Event "Finale kupa Republike Hrvatske 2024."]
[Site "Mali Losinj, Croatia"]
[Date "2024.05.08"]
[Round "1.7"]
[White "Bozinovic, Bogdan"]
[Black "Plenca, Jadranko"]
[Result "0-1"]
[TimeControl "(90 min/40 move + 30 min) + 30 sec/move"]
[WhiteFideId "14502593"]
[BlackFideId "14527146"]
[WhiteElo "2122"]
[BlackElo "2444"]

1. d4 {[%clk 01:30:40]} {[%emt 00:00:19]} d5 {[%clk 01:30:36]} {[%emt
00:00:25]} 2. c4 {[%clk 01:30:50]} {[%emt 00:00:19]} e6 {[%clk 01:30:40]}
{[%emt 00:00:26]} 3. Nc3 {[%clk 01:30:38]} {[%emt 00:00:42]} Nf6 {[%clk
01:30:38]} {[%emt 00:00:32]} 4. Bg5 {[%clk 01:30:23]} {[%emt 00:00:46]} Be7
{[%clk 01:30:37]} {[%emt 00:00:30]} 5. e3 {[%clk 01:30:29]} {[%emt 00:00:25]}
Nbd7 {[%clk 01:30:10]} {[%emt 00:00:57]} 6. Nf3 {[%clk 01:30:25]} {[%emt
00:00:34]} h6 {[%clk 01:29:50]} {[%emt 00:00:50]} 7. Bf4 {[%clk 01:29:11]}
{[%emt 00:01:43]} c6 {[%clk 01:27:21]} {[%emt 00:02:59]} 8. Qc2 {[%clk
01:28:25]} {[%emt 00:01:16]} dxc4 {[%clk 01:21:46]} {[%emt 00:06:05]} 9. Bxc4
{[%clk 01:28:43]} {[%emt 00:00:12]} b5 {[%clk 01:21:01]} {[%emt 00:01:16]} 10.
Bb3 {[%clk 01:28:08]} {[%emt 00:01:05]} Bb7 {[%clk 01:18:30]} {[%emt 00:03:00]}
11. Ne5 {[%clk 01:15:49]} {[%emt 00:12:48]} O-O {[%clk 01:12:25]} {[%emt
00:06:36]} 12. O-O {[%clk 01:10:57]} {[%emt 00:05:22]} Rc8 {[%clk 01:07:48]}
{[%emt 00:05:07]} 13. Qe2 {[%clk 01:07:02]} {[%emt 00:04:26]} a6 {[%clk
01:01:03]} {[%emt 00:07:15]} 14. Rfd1 {[%clk 01:04:23]} {[%emt 00:03:08]} Qb6
{[%clk 00:56:29]} {[%emt 00:05:04]} 15. a4 {[%clk 00:49:46]} {[%emt 00:15:07]}
Rfd8 {[%clk 00:47:19]} {[%emt 00:09:40]} 16. Bc2 {[%clk 00:44:29]} {[%emt
00:05:47]} Ba8 {[%clk 00:36:45]} {[%emt 00:11:04]} 17. Ne4 {[%clk 00:31:01]}
{[%emt 00:13:57]} c5 {[%clk 00:32:26]} {[%emt 00:04:49]} 18. Nxd7 {[%clk
00:29:50]} {[%emt 00:01:40]} Nxd7 {[%clk 00:30:35]} {[%emt 00:02:22]} 19. axb5
{[%clk 00:26:41]} {[%emt 00:03:40]} axb5 {[%clk 00:30:33]} {[%emt 00:00:32]} 20.
dxc5 {[%clk 00:23:13]} {[%emt 00:03:57]} Nxc5 {[%clk 00:29:39]} {[%emt
00:01:24]} 21. Nxc5 {[%clk 00:21:42]} {[%emt 00:02:02]} Qxc5 {[%clk 00:28:34]}
{[%emt 00:01:35]} 22. Rxd8+ {[%clk 00:19:41]} {[%emt 00:02:30]} Rxd8 {[%clk
00:27:18]} {[%emt 00:01:47]} 23. f3 {[%clk 00:13:43]} {[%emt 00:06:28]} Bf6
{[%clk 00:24:37]} {[%emt 00:03:11]} 24. Bd3 {[%clk 00:10:01]} {[%emt 00:04:12]}
Bc6 {[%clk 00:22:27]} {[%emt 00:02:39]} 25. Bg3 {[%clk 00:08:19]} {[%emt
00:02:12]} Bxb2 {[%clk 00:20:20]} {[%emt 00:02:37]} 26. Rb1 {[%clk 00:06:53]}
{[%emt 00:01:56]} Bc3 {[%clk 00:13:31]} {[%emt 00:07:20]} 27. Bxb5 {[%clk
00:05:03]} {[%emt 00:02:19]} Rd2 {[%clk 00:13:17]} {[%emt 00:00:44]} 28. Qf1
{[%clk 00:04:25]} {[%emt 00:01:09]} Bxb5 {[%clk 00:13:19]} {[%emt 00:00:28]} 29.
Rxb5 {[%clk 00:04:20]} {[%emt 00:00:34]} Qxe3+ {[%clk 00:13:43]} {[%emt
00:00:07]} 30. Kh1 {[%clk 00:03:32]} {[%emt 00:01:17]} f5 {[%clk 00:13:05]}
{[%emt 00:01:08]} 31. Rb1 {[%clk 00:03:26]} {[%emt 00:00:36]} Qd4 {[%clk
00:07:48]} {[%emt 00:05:47]} 32. h3 {[%emt 00:01:06]} Kh7 {[%emt 00:01:05]} 33.
Qc1 {[%emt 00:03:09]} Qd3 {[%emt 00:00:16]} 34. Be1 {[%clk 00:02:22]} {[%emt
00:00:42]} Qf1+ {[%clk 00:05:28]} {[%emt 00:00:06]} 35. Kh2 {[%emt 00:00:09]}
0-1

[Event "Finale kupa Republike Hrvatske 2024."]
[Site "Mali Losinj, Croatia"]
[Date "2024.05.08"]
[Round "1.8"]
[White "Plenca, Julijan"]
[Black "Komljenovic, Tihomir"]
[Result "1-0"]
[TimeControl "(90 min/40 move + 30 min) + 30 sec/move"]
[WhiteFideId "14508044"]
[BlackFideId "14511541"]
[WhiteElo "2434"]
[BlackElo "1969"]

1. e4 {[%clk 01:30:58]} {[%emt 00:00:01]} c5 {[%clk 01:30:48]} {[%emt
00:00:12]} 2. Nf3 {[%clk 01:31:15]} {[%emt 00:00:13]} d6 {[%clk 01:31:08]}
{[%emt 00:00:10]} 3. d4 {[%clk 01:31:37]} {[%emt 00:00:09]} cxd4 {[%clk
01:31:26]} {[%emt 00:00:13]} 4. Nxd4 {[%clk 01:31:58]} {[%emt 00:00:08]} Nf6
{[%clk 01:31:45]} {[%emt 00:00:11]} 5. Nc3 {[%clk 01:32:18]} {[%emt 00:00:09]}
a6 {[%clk 01:31:48]} {[%emt 00:00:27]} 6. f3 {[%clk 01:30:38]} {[%emt
00:02:11]} g6 {[%clk 01:31:05]} {[%emt 00:01:12]} 7. Be3 {[%clk 01:30:48]}
{[%emt 00:00:21]} Bg7 {[%clk 01:31:28]} {[%emt 00:00:07]} 8. Qd2 {[%clk
01:31:11]} {[%emt 00:00:06]} h5 {[%clk 01:28:13]} {[%emt 00:03:45]} 9. Be2
{[%clk 01:30:42]} {[%emt 00:01:00]} Bd7 {[%clk 01:26:15]} {[%emt 00:02:28]} 10.
O-O-O {[%clk 01:30:30]} Nc6 {[%clk 01:26:04]} {[%emt 00:01:23]} 11. h3 {[%clk
01:30:37]} Rc8 {[%clk 01:02:38]} {[%emt 00:24:18]} 12. g4 {[%clk 01:30:35]} b5
{[%clk 01:01:06]} {[%emt 00:02:32]} 13. g5 {[%clk 01:29:31]} {[%emt 00:01:36]}
Nh7 {[%clk 00:59:26]} {[%emt 00:02:10]} 14. Nd5 {[%clk 01:28:54]} {[%emt
00:01:07]} Nxd4 {[%clk 00:52:23]} {[%emt 00:07:34]} 15. Bxd4 {[%clk 01:29:17]}
{[%emt 00:00:07]} Bxd4 {[%clk 00:52:28]} {[%emt 00:00:25]} 16. Qxd4 {[%clk
01:29:40]} {[%emt 00:00:07]} e5 {[%emt 00:00:12]} 17. Qa7 {[%clk 01:26:44]}
{[%emt 00:03:25]} Nxg5 {[%clk 00:44:36]} {[%emt 00:08:39]} 18. Qxa6 {[%clk
01:26:54]} {[%emt 00:00:21]} O-O {[%clk 00:30:02]} {[%emt 00:15:04]} 19. Qxd6
{[%clk 01:26:49]} {[%emt 00:00:35]} Kg7 {[%clk 00:22:54]} {[%emt 00:07:39]} 20.
Nb6 {[%clk 01:24:00]} {[%emt 00:03:18]} Rc6 {[%clk 00:21:36]} {[%emt 00:01:48]}
21. Qxe5+ {[%clk 01:24:08]} {[%emt 00:00:22]} f6 {[%clk 00:21:56]} {[%emt
00:00:11]} 22. Rxd7+ {[%clk 01:24:10]} {[%emt 00:00:28]} Qxd7 {[%clk 00:21:39]}
{[%emt 00:00:47]} 23. Nxd7 {[%clk 01:24:27]} {[%emt 00:00:12]} fxe5 {[%clk
00:21:51]} {[%emt 00:00:18]} 24. Nxf8 {[%clk 01:24:49]} {[%emt 00:00:08]} 1-0

[Event "Finale kupa Republike Hrvatske 2024."]
[Site "Mali Losinj, Croatia"]
[Date "2024.05.08"]
[Round "1.9"]
[White "Livaic, Leon"]
[Black "Bobanac, Miro"]
[Result "1-0"]
[TimeControl "(90 min/40 move + 30 min) + 30 sec/move"]
[WhiteFideId "14531534"]
[BlackFideId "14501074"]
[WhiteElo "2541"]
[BlackElo "2221"]

1. d4 {[%clk 01:30:53]} {[%emt 00:00:05]} Nf6 {[%clk 01:30:10]} {[%emt
00:00:51]} 2. c4 {[%clk 01:31:16]} {[%emt 00:00:07]} e5 {[%clk 01:29:07]}
{[%emt 00:01:34]} 3. dxe5 {[%clk 01:31:24]} {[%emt 00:00:22]} Ng4 {[%clk
01:29:26]} {[%emt 00:00:10]} 4. e4 {[%clk 01:28:17]} {[%emt 00:03:37]} Nxe5
{[%clk 01:27:40]} {[%emt 00:02:16]} 5. f4 {[%clk 01:28:38]} {[%emt 00:00:09]}
Bb4+ {[%clk 01:25:41]} {[%emt 00:02:29]} 6. Bd2 {[%clk 01:27:58]} {[%emt
00:01:10]} Bxd2+ {[%clk 01:26:01]} {[%emt 00:00:10]} 7. Qxd2 {[%clk 01:28:07]}
{[%emt 00:00:21]} Ng6 {[%clk 01:26:06]} {[%emt 00:00:26]} 8. Nc3 {[%clk
01:27:04]} {[%emt 00:01:32]} d6 {[%clk 01:09:47]} {[%emt 00:16:50]} 9. O-O-O
{[%clk 01:23:29]} {[%emt 00:04:04]} Nd7 {[%clk 01:08:05]} {[%emt 00:02:12]} 10.
Nf3 {[%clk 01:21:58]} {[%emt 00:02:01]} O-O {[%clk 01:07:56]} {[%emt 00:00:39]}
11. h4 {[%clk 01:21:05]} {[%emt 00:01:23]} h5 {[%clk 01:00:42]} {[%emt
00:07:44]} 12. Be2 {[%clk 01:12:45]} {[%emt 00:08:49]} Re8 {[%clk 00:59:09]}
{[%emt 00:02:04]} 13. Ng5 {[%clk 01:08:59]} {[%emt 00:04:15]} Nf6 {[%clk
00:58:33]} {[%emt 00:01:06]} 14. e5 {[%clk 01:04:35]} {[%emt 00:04:55]} Ng4
{[%clk 00:57:26]} {[%emt 00:01:37]} 15. c5 {[%clk 00:56:29]} {[%emt 00:08:36]}
d5 {[%clk 00:44:02]} {[%emt 00:13:54]} 16. Nxd5 {[%clk 00:40:15]} {[%emt
00:16:45]} Be6 {[%clk 00:34:24]} {[%emt 00:10:07]} 17. Nxe6 {[%clk 00:39:22]}
{[%emt 00:01:23]} fxe6 {[%clk 00:33:43]} {[%emt 00:01:11]} 18. Bxg4 {[%clk
00:37:15]} {[%emt 00:02:36]} hxg4 {[%clk 00:32:37]} {[%emt 00:01:37]} 19. Qc2
{[%clk 00:36:12]} {[%emt 00:01:32]} exd5 {[%clk 00:30:57]} {[%emt 00:02:11]} 20.
Qxg6 {[%clk 00:36:38]} {[%emt 00:00:04]} Qe7 {[%clk 00:31:12]} {[%emt
00:00:14]} 21. Kb1 {[%clk 00:30:57]} {[%emt 00:06:11]} c6 {[%clk 00:28:04]}
{[%emt 00:03:39]} 22. Qxg4 {[%clk 00:30:05]} {[%emt 00:01:21]} b6 {[%clk
00:13:41]} {[%emt 00:14:54]} 23. h5 {[%clk 00:26:36]} {[%emt 00:03:58]} Qf7
{[%clk 00:14:00]} {[%emt 00:00:11]} 24. Rde1 {[%clk 00:23:25]} {[%emt
00:03:41]} bxc5 {[%clk 00:12:28]} {[%emt 00:02:03]} 25. f5 {[%clk 00:23:43]}
{[%emt 00:00:12]} Rab8 {[%clk 00:10:48]} {[%emt 00:02:10]} 26. h6 {[%clk
00:23:21]} {[%emt 00:00:51]} Rb4 {[%clk 00:10:24]} {[%emt 00:00:55]} 27. Qxg7+
{[%emt 00:00:58]} Qxg7 {[%clk 00:10:36]} {[%emt 00:00:18]} 28. hxg7 {[%clk
00:23:20]} {[%emt 00:00:02]} Kxg7 {[%clk 00:10:50]} {[%emt 00:00:17]} 29. f6+
{[%clk 00:22:12]} {[%emt 00:01:38]} Kg6 {[%clk 00:10:20]} {[%emt 00:01:00]} 30.
Rhf1 {[%clk 00:22:26]} {[%emt 00:00:15]} Reb8 {[%clk 00:05:43]} {[%emt
00:05:07]} 31. f7 {[%clk 00:20:27]} {[%emt 00:02:29]} Kg7 {[%clk 00:05:24]}
{[%emt 00:00:49]} 32. e6 {[%clk 00:20:38]} {[%emt 00:00:19]} 1-0